00779 a2200133 4500003000500000005001700005040000900022082001200031100001900043245004300062260004500105300001400150505048100164NUST20230131143339.0 cNust a941,PUC aPuckler, Count aHow strong is britain /cCount Puckler aLondonbGeorage Routledge sons Ltdc1939 a263 pages aGreat Britain and the New World (Page-1), Great Britian’s Economic System (Page-8), British Industry (Page-15), British Agriculture (Page-55), British Shipping (Page-72), Great Britain the World’s banker (Page-89), The Unseen Empire (Page-101), Is Great Britain Becoming poorer (Page-130), British Military Strength (Page-150), The Empire as Burden and Support (Page-207), Population Difficulties in the Empire (Page-235), Strom Clouds on the Horizon (Page-250).